000 00258 a2200109 4500
001 51054
040 _cAnchieta - Pituba
240 1 0 _aWer Spielt Mit?
_l
245 1 0 _aWer Spielt Mit?
650 4 _aLínguas germânicas (teutônicas) língua alemã
942 _cMX
999 _c51054
_d51054